Getting to pluralism political actors in the Arab world

Salvato in:
Dettagli Bibliografici
Altri autori: Ottaway, Marina, Hamzawy, Amr
Natura: Libro
Lingua:inglese
Pubblicazione: Washington Carnegie Endowment for International Peace 2009
Soggetti:
Tags: Aggiungi Tag
Nessun Tag, puoi essere il primo ad aggiungerne!!

MARC

LEADER 00000nam a2200000 4500
001 0121495
005 20240109072229.4
020 |a 978-0-87003-244-8 
041 0 |a eng 
044 |a US 
245 1 0 |a Getting to pluralism  |b political actors in the Arab world  |c editors: Marina Ottaway, Amr Hamzawy 
264 1 |a Washington  |b Carnegie Endowment for International Peace  |c 2009 
300 |a 118 s. 
610 2 0 |a systémy politické 
610 2 0 |a strany politické 
610 2 0 |a vláda 
610 2 0 |a politika 
610 2 0 |a reformy 
610 2 0 |a islam 
610 2 0 |a spoločnosť 
610 2 0 |a demokracia 
610 2 0 |a pluralizmus 
610 2 0 |a Arabské štáty 
700 1 |a Ottaway, Marina 
700 1 |a Hamzawy, Amr